Fill in the Jenna Marbles Video Title - Statistics

General Stats
  • This quiz has been taken 49 times
  • The average score is 11 of 24
Answer Stats
Hint Answer % Correct
Drunk ______ Tutorial Makeup
91%
Kylie Jenner ___ Tutorial Lip
78%
What a Girl's Makeup _____ Means
78%
How to Trick People Into Thinking You're ____ _______ Good Looking
74%
Girl ____ Hacks Life
70%
Hello Young People, I'm _______ _______ Hillary Clinton
63%
How to Get Ready For a ____ Date
52%
How to Get Boys to ____ ___ Like You
52%
How Girls Take a ______ Shower
52%
How to _____ Talking to People You Don't Want to Talk To Avoid
50%
Thoughts From a ______ Bathtub
50%
True Life: I'm Addicted to ________ Leggings
46%
Things Girls ___ About Lie
41%
Some Idiot / How ______ Bras Work Sports
39%
_______ With Sarah Palin Cooking
37%
_____ Yourself Challenge Roast
37%
What ******* Wear At the _______ Airport
35%
______ With Miley Cyrus Baking
30%
____spiration Butt
28%
I Hate Being a _____ __ Grown Up
26%
What Boys Do On the ________ Internet
26%
When the ____ Doesn't Work Face
20%
____ Thoughts With Kesha Deep
11%
Holiday Crafts With _______ Madonna
4%
No matching quizzes found
Score Distribution
Percent of People with Each Score
Percentile by Number Answered
Your Score History
You have not taken this quiz